Tips & traps when negotiating real estate

Bibliographic Details
Main Author: Irwin, Robert
Format: Book
Published: New York : McGraw-Hill , 1995
Subjects:

MARC

LEADER 00000cam a2200000 7i4500
001 0000011644
005 20151105.0
020 |a 0070327475 
040 |a INS 
090 0 0 |a HD1379.   |b I673 1995 
100 1 |a Irwin, Robert 
245 1 0 |a Tips & traps when negotiating real estate 
260 |a New York :   |b McGraw-Hill ,   |c 1995 
300 |a v :   |b 209p ;   |c 23cm. 
650 0 0 |a House buying 
650 0 0 |a House selling 
650 0 0 |a Mortage loans 
650 0 0 |a Real estate business 
999 |a 0000008339   |b BOOK   |c Open Shelf   |e Default branch 
999 |a 0000022702   |b BOOK   |c Open Shelf   |e Default branch